[Event "SVK-chT2C 2122"]
[Site "Slovakia"]
[Date "2022.02.05"]
[Round "3.8"]
[White "Ostrihon, Adam"]
[Black "Sedliacek, Peter"]
[Result "0-1"]
[WhiteElo "1613"]
[BlackElo "1767"]
[PlyCount "144"]
[EventDate "2021.10.16"]
[EventType "team-tourn"]
[EventRounds "11"]
[EventCountry "SVK"]
[SourceTitle "EXT 2023"]
[Source "ChessBase"]
[SourceDate "2022.10.05"]
[SourceVersion "1"]
[SourceVersionDate "2022.10.05"]
[SourceQuality "1"]
[WhiteTeam "Detva"]
[BlackTeam "Rajecke Teplice"]
[WhiteTeamCountry "SVK"]
[BlackTeamCountry "SVK"]

1. e4 c5 2. Nf3 e6 3. d4 cxd4 4. Nxd4 a6 5. a3 Nf6 6. Nc3 Qc7 7. Be2 Be7 8. 0-0 0-0 9. Bf3 Nc6 10. Be3 Ne5 11. Be2 d6 12. f4 Ned7 13. Qd2 b5 14. Bf3 Bb7 15. Rae1 Rac8 16. f5 e5 17. Nb3 Nc5 18. Bf2 Rfd8 19. g4 h6 20. h4 Nh7 21. Re2 Rd7 22. Rd1 Rcd8 23. Qe3 Nxb3 24. cxb3 Qc5 25. Qd3 Qc8 26. Rc2 Qa8 27. Rcd2 Rc8 28. Qe3 Qb8 29. b4 Qc7 30. Kg2 g5 31. Rh1 Kg7 32. Rdd1 Rh8 33. Rd2 Qd8 34. h5 Nf6 35. Rhd1 Qa8 36. Bg3 Rhd8 37. Rd3 Kf8 38. R3d2 Ke8 39. Kh3 Bc6 40. Rd3 Qb7 41. R3d2 Bf8 42. Nd5 Bxd5 43. exd5 Rc8 44. Re1 Re7 45. b3 Nd7 46. Be4 f6 47. Bf2 Nb8 48. Rdd1 Rec7 49. Rc1 Be7 50. Qd2 Bd8 51. Be3 Rxc1 52. Rxc1 Rxc1 53. Qxc1 Qc7 54. Qd2 Qb7 55. Kg3 Bb6 56. Bxb6 Qxb6 57. Qf2 Qxf2+ 58. Kxf2 Kd8 59. Ke3 Kc7 60. Bd3 Kb6 61. a4 bxa4 62. bxa4 a5 63. bxa5+ Kxa5 64. Bb5 Na6 65. Be2 Nc5 66. Bf3 Kxa4 67. Be2 Kb4 68. Kd2 Nb3+ 69. Ke3 Kc3 70. Bd3 Nd4 71. Be4 Nc2+ 72. Ke2 Nb4 0-1

[Event "SVK-chT2C 2122"]
[Site "Slovakia"]
[Date "2021.10.16"]
[Round "1.7"]
[White "Janik, Marek Tobias"]
[Black "Ostrihon, Adam"]
[Result "0-1"]
[WhiteElo "1760"]
[BlackElo "1595"]
[PlyCount "94"]
[EventDate "2021.10.16"]
[EventType "team-tourn"]
[EventRounds "11"]
[EventCountry "SVK"]
[SourceTitle "EXT 2023"]
[Source "ChessBase"]
[SourceDate "2022.10.05"]
[SourceVersion "1"]
[SourceVersionDate "2022.10.05"]
[SourceQuality "1"]
[WhiteTeam "Liptov Chess School III"]
[BlackTeam "Detva"]
[WhiteTeamCountry "SVK"]
[BlackTeamCountry "SVK"]

1. c4 c5 2. Nc3 Nc6 3. g3 Nf6 4. Bg2 e6 5. e4 Be7 6. Nge2 e5 7. d3 h6 8. 0-0 0-0 9. f4 d6 10. h3 a6 11. Be3 Rb8 12. a4 Nd4 13. Bxd4 cxd4 14. Nd5 Nxd5 15. exd5 f6 16. Qd2 b5 17. axb5 axb5 18. b3 bxc4 19. bxc4 Qc7 20. Rfb1 Bd7 21. Rxb8 Rxb8 22. Qa5 Rb1+ 23. Kf2 Qxa5 24. Rxa5 Bf5 25. fxe5 fxe5 26. Ra7 Bxd3 27. Nxd4 exd4 28. Rxe7 Rb2+ 29. Kg1 Bxc4 30. Be4 d3 31. Bg6 Rb8 32. Kf2 d2 33. Bc2 Rb2 34. Bd1 Rb1 35. Bc2 d1Q 36. Bxd1 Rxd1 37. Rd7 Rxd5 38. Kf3 Rd3+ 39. Kf4 d5 40. h4 Rd1 41. Kf5 Kh7 42. g4 Bd3+ 43. Ke6 Be2 44. Kf5 d4 45. g5 Rf1+ 46. Ke5 d3 47. Rd6 hxg5 0-1